[Event "4rd Memory of Nebesna Sotnya-2017 R"]
[Site "Lutsk"]
[Date "2017.02.18"]
[Round "1.1"]
[White "Onischuk, Vladimir"]
[Black "Ileniak, Vasil"]
[Result "1-0"]
[WhiteElo "2692"]
[BlackElo "1796"]
[PlyCount "65"]
[EventDate "2017.02.18"]
[EventType "swiss (rapid)"]
[EventRounds "11"]
[EventCountry "UKR"]

1. e4 e5 2. Nf3 Nc6 3. Bb5 a6 4. Ba4 Nf6 5. O-O g6 6. Bxc6 dxc6 7. Nxe5 Bg7 8.
Nf3 Bg4 9. d3 O-O 10. h3 Be6 11. Nc3 b5 12. Be3 Qc8 13. Kh2 a5 14. a4 b4 15.
Ne2 h6 16. Ned4 Bd7 17. Nb3 Nh5 18. Nfd4 Kh7 19. f4 f5 20. exf5 Bxf5 21. g4 Nf6
22. gxf5 gxf5 23. Rg1 Nd5 24. Qf3 Qe8 25. Rae1 Qf7 26. Nxc6 Rae8 27. Bd4 Bxd4
28. Nbxd4 Rxe1 29. Rxe1 Rg8 30. Ne5 Qf6 31. Qxd5 Qh4 32. Qf7+ Rg7 33. Qxg7+ 1-0

[Event "4rd Memory of Nebesna Sotnya-2017 R"]
[Site "Lutsk"]
[Date "2017.02.18"]
[Round "1.2"]
[White "Branchuk, Mykola"]
[Black "Bogdanovich, Stanislav"]
[Result "0-1"]
[WhiteElo "1790"]
[BlackElo "2689"]
[PlyCount "94"]
[EventDate "2017.02.18"]
[EventType "swiss (rapid)"]
[EventRounds "11"]
[EventCountry "UKR"]

1. d4 Nf6 2. c4 e6 3. Nc3 Bb4 4. Qc2 c5 5. dxc5 Nc6 6. e3 O-O 7. Bd2 Bxc5 8. a3
d5 9. cxd5 exd5 10. Na4 Bd6 11. Nf3 d4 12. Bb5 dxe3 13. Bxe3 Nd5 14. Bxc6 bxc6
15. O-O Nxe3 16. fxe3 Qe7 17. e4 Bg4 18. Rae1 Rac8 19. e5 Bb8 20. Nc5 Bxf3 21.
Rxf3 Bxe5 22. Nd3 Bd4+ 23. Kh1 Qd6 24. Ref1 c5 25. Qc4 Qe6 26. Qxe6 fxe6 27.
Rxf8+ Rxf8 28. Rxf8+ Kxf8 29. b3 Ke7 30. g3 e5 31. Kg2 Kd6 32. Kf3 Kd5 33. Ke2
c4 34. bxc4+ Kxc4 35. a4 a5 36. Nc1 Kb4 37. Kd3 Kxa4 38. Kc4 Ka3 39. Nd3 a4 40.
h3 e4 41. Nf4 Kb2 42. Kxd4 a3 43. Kxe4 a2 44. Ne6 a1=Q 45. Nxg7 Qa8+ 46. Kf4
Qb8+ 47. Kg5 Qxg3+ 0-1

[Event "4rd Memory of Nebesna Sotnya-2017 R"]
[Site "Lutsk"]
[Date "2017.02.18"]
[Round "1.3"]
[White "Bernadskiy, Vitaliy"]
[Black "Dovgaliuk, Oleksandr"]
[Result "1-0"]
[WhiteElo "2634"]
[BlackElo "1787"]
[PlyCount "61"]
[EventDate "2017.02.18"]
[EventType "swiss (rapid)"]
[EventRounds "11"]
[EventCountry "UKR"]

1. d4 Nf6 2. c4 g6 3. Nc3 Bg7 4. e4 d6 5. Nf3 O-O 6. Be2 c5 7. O-O Bg4 8. d5
Nbd7 9. Bg5 Bxf3 10. Bxf3 Ne5 11. Be2 h6 12. Be3 Qd7 13. h3 g5 14. f4 gxf4 15.
Bxf4 Ng6 16. Be3 Kh7 17. Qc2 Ne8 18. Bg4 Qd8 19. Bf5 Nc7 20. Rf2 Qe8 21. Raf1
e6 22. Bg4 Qe7 23. Bh5 Na6 24. e5 Nb4 25. Qb1 exd5 26. Rxf7 Qxe5 27. Qxg6+ Kh8
28. Bxh6 Qd4+ 29. Kh1 Rg8 30. Bxg7+ Rxg7 31. Rf8+ 1-0

[Event "4rd Memory of Nebesna Sotnya-2017 R"]
[Site "Lutsk"]
[Date "2017.02.18"]
[Round "1.4"]
[White "Rymarchuk, Yuriy"]
[Black "Bortnyk, Mykola"]
[Result "0-1"]
[WhiteElo "1784"]
[BlackElo "2558"]
[PlyCount "53"]
[EventDate "2017.02.18"]
[EventType "swiss (rapid)"]
[EventRounds "11"]
[EventCountry "UKR"]

1. c4 d6 2. b4 e5 3. Bb2 g6 4. f4 Bg7 5. fxe5 Qh4+ 6. g3 Qxc4 7. Nf3 dxe5 8. a3
Bg4 9. Bxe5 Bxe5 10. Nxe5 Qe4 11. Nxg4 Qxh1 12. Qb3 Qc6 13. Nc3 Nd7 14. Ne3 Qe6
15. Qxe6+ fxe6 16. Nb5 Kd8 17. Rc1 Nf8 18. Bg2 Rb8 19. Nxa7 Nf6 20. Nb5 c6 21.
Nd6 Ke7 22. Ndc4 N8d7 23. Rb1 Nd5 24. b5 Rhc8 25. Nxd5+ cxd5 26. Ne3 Ra8 27.
Nxd5+ 0-1

[Event "4rd Memory of Nebesna Sotnya-2017 R"]
[Site "Lutsk"]
[Date "2017.02.18"]
[Round "1.5"]
[White "Zubarev, Alexander"]
[Black "Kordelskyy, Taras"]
[Result "1-0"]
[WhiteElo "2538"]
[BlackElo "1781"]
[PlyCount "67"]
[EventDate "2017.02.18"]
[EventType "swiss (rapid)"]
[EventRounds "11"]
[EventCountry "UKR"]

1. d4 Nf6 2. c4 e5 3. dxe5 Ng4 4. Nf3 Bb4+ 5. Bd2 Bxd2+ 6. Qxd2 Nc6 7. Qf4 d6
8. exd6 Qxd6 9. Qxd6 cxd6 10. Nc3 Be6 11. e3 O-O-O 12. Be2 Nge5 13. b3 d5 14.
cxd5 Bxd5 15. O-O-O Bxf3 16. gxf3 Nb4 17. a3 Nbd3+ 18. Kc2 Nc5 19. f4 Nc6 20.
Bf3 Rhe8 21. b4 Ne6 22. Nb5 Kb8 23. Rxd8+ Rxd8 24. f5 Nc7 25. Bxc6 bxc6 26. Nd4
Kb7 27. Rd1 Rd6 28. h4 Rh6 29. Nf3 Nd5 30. e4 Nb6 31. Rd8 Kc7 32. Rf8 Rf6 33.
Ng5 Nc4 34. Nxh7 1-0

[Event "4rd Memory of Nebesna Sotnya-2017 R"]
[Site "Lutsk"]
[Date "2017.02.18"]
[Round "1.6"]
[White "Antonets, Yuriy"]
[Black "Sergeev, Vladimir"]
[Result "0-1"]
[WhiteElo "1769"]
[BlackElo "2518"]
[PlyCount "94"]
[EventDate "2017.02.18"]
[EventType "swiss (rapid)"]
[EventRounds "11"]
[EventCountry "UKR"]

1. e4 Nf6 2. Nc3 d5 3. exd5 Nxd5 4. Nxd5 Qxd5 5. c4 Qe4+ 6. Qe2 Bf5 7. d3 Qxe2+
8. Bxe2 Nc6 9. Nf3 Nb4 10. O-O Bxd3 11. Bxd3 Nxd3 12. Rd1 Nxc1 13. Raxc1 e6 14.
c5 c6 15. Rd3 Be7 16. Rb3 O-O-O 17. g3 Rd5 18. Rbc3 Bf6 19. R3c2 Rhd8 20. Kg2
Kc7 21. g4 h6 22. h3 a5 23. Rb1 Rd3 24. b3 R8d5 25. Rc4 Rc3 26. Rc1 Rxc1 27.
Rxc1 Be7 28. Re1 Bxc5 29. h4 Kd8 30. Rc1 Ke7 31. Rc4 Ba7 32. g5 h5 33. b4 axb4
34. Rxb4 b5 35. Re4 f6 36. gxf6+ gxf6 37. a4 Bb6 38. axb5 cxb5 39. Rb4 Ba5 40.
Rb2 Bc3 41. Rb3 b4 42. Rb1 Kd6 43. Ng1 Kc5 44. Ne2 Kc4 45. Nf4 Re5 46. Kf3 b3
47. Ne2 b2 0-1

[Event "4rd Memory of Nebesna Sotnya-2017 R"]
[Site "Lutsk"]
[Date "2017.02.18"]
[Round "1.7"]
[White "Gritsak, Orest"]
[Black "Melnychuk, Yuriy"]
[Result "1-0"]
[WhiteElo "2511"]
[BlackElo "1767"]
[PlyCount "77"]
[EventDate "2017.02.18"]
[EventType "swiss (rapid)"]
[EventRounds "11"]
[EventCountry "UKR"]

1. Nf3 Nf6 2. c4 d6 3. Nc3 e5 4. d4 Nbd7 5. Bg5 Be7 6. e3 c6 7. Be2 O-O 8. Qc2
a5 9. O-O Qc7 10. Rfd1 Re8 11. Rac1 Nf8 12. d5 N8d7 13. a3 h6 14. Bh4 c5 15.
Nd2 Qd8 16. Bg3 Nf8 17. Rb1 Bd7 18. b4 axb4 19. axb4 b6 20. Rb2 h5 21. h3 g5
22. Bd3 Kg7 23. Bf5 Qc8 24. Bxd7 Qxd7 25. Rdb1 h4 26. Bh2 g4 27. hxg4 Qxg4 28.
f3 Qg5 29. Nf1 N8d7 30. bxc5 bxc5 31. Rb7 Reb8 32. f4 Qh5 33. fxe5 dxe5 34.
Rxb8 Rxb8 35. Rxb8 Nxb8 36. Qe2 Qxe2 37. Nxe2 Ne4 38. Bxe5+ f6 39. Bxb8 1-0

[Event "4rd Memory of Nebesna Sotnya-2017 R"]
[Site "Lutsk"]
[Date "2017.02.18"]
[Round "1.8"]
[White "Yuzyuk, Viktor"]
[Black "Razin, Vadim"]
[Result "0-1"]
[WhiteElo "1756"]
[BlackElo "2501"]
[PlyCount "26"]
[EventDate "2017.02.18"]
[EventType "swiss (rapid)"]
[EventRounds "11"]
[EventCountry "UKR"]

1. Nf3 d5 2. c4 d4 3. e3 c5 4. Bd3 Nc6 5. a3 e5 6. exd4 exd4 7. h3 Nf6 8. O-O
Be7 9. Re1 O-O 10. Qc2 Bd6 11. Bf5 Re8 12. Rxe8+ Qxe8 13. d3 Bxf5 0-1

[Event "4rd Memory of Nebesna Sotnya-2017 R"]
[Site "Lutsk"]
[Date "2017.02.18"]
[Round "2.1"]
[White "Petrova, Irina"]
[Black "Onischuk, Vladimir"]
[Result "0-1"]
[WhiteElo "2102"]
[BlackElo "2692"]
[PlyCount "66"]
[EventDate "2017.02.18"]
[EventType "swiss (rapid)"]
[EventRounds "11"]
[EventCountry "UKR"]

1. d4 d6 2. e4 Nf6 3. Nc3 g6 4. g3 Bg7 5. Bg2 O-O 6. Nge2 e5 7. h3 Nc6 8. Be3
exd4 9. Nxd4 Bd7 10. O-O Re8 11. f4 Nxe4 12. Nxe4 d5 13. Nb3 Bf5 14. Nbc5 Bxe4
15. Nxe4 dxe4 16. c3 Ne7 17. g4 Nd5 18. Qe2 c6 19. Rad1 Qc7 20. f5 Be5 21. Rxd5
cxd5 22. f6 Rad8 23. Qf2 Qd6 24. Qh4 d4 25. cxd4 Bxd4 26. Bxd4 Qxd4+ 27. Kh1
Qd6 28. Re1 e3 29. Bf3 Qf4 30. Kg2 Rd2+ 31. Re2 Rxe2+ 32. Bxe2 Rd8 33. Qe1 Qxf6
0-1

[Event "4rd Memory of Nebesna Sotnya-2017 R"]
[Site "Lutsk"]
[Date "2017.02.18"]
[Round "2.2"]
[White "Bogdanovich, Stanislav"]
[Black "Dovzhenko, Viktor"]
[Result "1-0"]
[WhiteElo "2689"]
[BlackElo "2101"]
[PlyCount "63"]
[EventDate "2017.02.18"]
[EventType "swiss (rapid)"]
[EventRounds "11"]
[EventCountry "UKR"]

1. e4 g6 2. d4 Bg7 3. Nc3 a6 4. Be3 d6 5. Qd2 Nd7 6. O-O-O b5 7. Nge2 Nb6 8.
Nf4 Rb8 9. d5 Nf6 10. f3 Nfd7 11. Bd4 Ne5 12. Qf2 b4 13. Nb1 O-O 14. h4 h5 15.
g4 Bh6 16. Qg3 hxg4 17. Nd2 c5 18. dxc6 Nxc6 19. Be3 Ne5 20. h5 g5 21. Nd3 Nec4
22. Bxb6 Nxb6 23. f4 d5 24. fxg5 Bxg5 25. Qxb8 dxe4 26. Qe5 f5 27. Nf4 Bf6 28.
Qa5 e3 29. Nc4 Qc7 30. Ng6 Nxc4 31. Qxc7 Bxb2+ 32. Kb1 1-0

[Event "4rd Memory of Nebesna Sotnya-2017 R"]
[Site "Lutsk"]
[Date "2017.02.18"]
[Round "2.3"]
[White "Gayun, Dmytro"]
[Black "Bernadskiy, Vitaliy"]
[Result "0-1"]
[WhiteElo "2078"]
[BlackElo "2634"]
[PlyCount "50"]
[EventDate "2017.02.18"]
[EventType "swiss (rapid)"]
[EventRounds "11"]
[EventCountry "UKR"]

1. Nf3 e6 2. c4 d5 3. e3 Nf6 4. Nc3 a6 5. d4 Nbd7 6. Bd3 dxc4 7. Bxc4 b5 8. Bd3
c5 9. O-O Bb7 10. b3 Bd6 11. Bb2 O-O 12. a4 cxd4 13. Nxd4 b4 14. Nce2 Ng4 15.
Nf4 Qg5 16. Nf3 Qe7 17. h3 Ngf6 18. Rc1 e5 19. Ng5 exf4 20. Nxh7 Nxh7 21. Bxh7+
Kxh7 22. Qh5+ Kg8 23. Bxg7 Kxg7 24. Qg4+ Kh6 25. exf4 Rg8 0-1

[Event "4rd Memory of Nebesna Sotnya-2017 R"]
[Site "Lutsk"]
[Date "2017.02.18"]
[Round "2.4"]
[White "Bortnyk, Mykola"]
[Black "Leshchyshak, Igor"]
[Result "1-0"]
[WhiteElo "2558"]
[BlackElo "2078"]
[PlyCount "75"]
[EventDate "2017.02.18"]
[EventType "swiss (rapid)"]
[EventRounds "11"]
[EventCountry "UKR"]

1. e4 e6 2. d4 d5 3. e5 c5 4. Nf3 cxd4 5. Bd3 Bb4+ 6. Bd2 Bxd2+ 7. Nbxd2 Nc6 8.
O-O Nge7 9. Nb3 Ng6 10. Re1 O-O 11. Nbxd4 Nxd4 12. Nxd4 Qg5 13. Bxg6 fxg6 14.
Qd3 Bd7 15. Re3 Rf7 16. Rae1 Raf8 17. f3 a6 18. a3 h5 19. c4 dxc4 20. Qxc4 Rc8
21. Qb3 Kh7 22. Qxb7 Rc1 23. Qe4 Rf4 24. Qd3 Bb5 25. Nxe6 Rxe1+ 26. Rxe1 Qh4
27. Qe3 Rc4 28. Ng5+ Kg8 29. e6 Rc2 30. e7 Be8 31. b4 Qc4 32. Qe6+ Qxe6 33.
Rxe6 Rc1+ 34. Kf2 h4 35. Rd6 Rc2+ 36. Ke3 Rc1 37. Kd2 Rc8 38. Rd8 1-0

[Event "4rd Memory of Nebesna Sotnya-2017 R"]
[Site "Lutsk"]
[Date "2017.02.18"]
[Round "2.5"]
[White "Lisnyak, Vladislav"]
[Black "Zubarev, Alexander"]
[Result "0-1"]
[WhiteElo "2064"]
[BlackElo "2538"]
[PlyCount "144"]
[EventDate "2017.02.18"]
[EventType "swiss (rapid)"]
[EventRounds "11"]
[EventCountry "UKR"]

1. e4 c5 2. Nf3 d6 3. d4 cxd4 4. Nxd4 Nf6 5. Nc3 Nc6 6. Bc4 Qb6 7. Be3 Qxb2 8.
Ndb5 Qb4 9. Bd5 Qa5 10. Qd2 e6 11. Bb3 a6 12. Nd4 Bd7 13. f3 Rc8 14. Na4 Qxd2+
15. Kxd2 Na5 16. Nb6 Rc7 17. Na8 Rc8 18. Nb6 Rb8 19. g4 Bc6 20. Nxc6 Nxc6 21.
g5 Nd7 22. f4 Be7 23. Nxd7 Kxd7 24. h4 Rbc8 25. Rhf1 Na5 26. Bd4 f6 27. e5 dxe5
28. fxe5 f5 29. c3 b5 30. Rab1 Ba3 31. Ke3 Ke7 32. Rfd1 Nc4+ 33. Ke2 Rc6 34.
Rd3 Rhc8 35. Bxc4 Rxc4 36. Rbd1 Kf7 37. h5 Be7 38. Bb6 Bxg5 39. Rd7+ Kg8 40.
Bd8 Bxd8 41. Rxd8+ Rxd8 42. Rxd8+ Kf7 43. Rd7+ Kf8 44. h6 gxh6 45. Rxh7 Re4+
46. Kd3 Rxe5 47. Rxh6 Rd5+ 48. Ke3 Ke7 49. Rh7+ Kf6 50. Ra7 Rd6 51. Rc7 Ke5 52.
Rc5+ Rd5 53. Rc6 a5 54. a4 bxa4 55. Rc4 a3 56. Ra4 f4+ 57. Ke2 Kf5 58. Rxa3 Rb5
59. Ra4 e5 60. c4 Rb2+ 61. Ke1 e4 62. Rxa5+ Kg4 63. Ra8 f3 64. Ra3 Rc2 65. Re3
Kf4 66. Rb3 Rxc4 67. Rb8 Rc1+ 68. Kd2 Ra1 69. Rf8+ Kg3 70. Ke3 Re1+ 71. Kd2 f2
72. Rg8+ Kh4 0-1

[Event "4rd Memory of Nebesna Sotnya-2017 R"]
[Site "Lutsk"]
[Date "2017.02.18"]
[Round "2.6"]
[White "Voloshchuk, Iliya"]
[Black "Gritsak, Orest"]
[Result "0-1"]
[WhiteElo "2053"]
[BlackElo "2511"]
[PlyCount "112"]
[EventDate "2017.02.18"]
[EventType "swiss (rapid)"]
[EventRounds "11"]
[EventCountry "UKR"]

1. d4 e6 2. Bf4 d5 3. e3 Bd6 4. Bg3 Nf6 5. Nd2 O-O 6. Ngf3 c5 7. c3 b6 8. Ne5
Qc7 9. f4 Ba6 10. Bxa6 Nxa6 11. Qf3 Nd7 12. O-O f6 13. Nxd7 Qxd7 14. Rae1 Nc7
15. Qg4 f5 16. Qe2 Qa4 17. b3 Qa6 18. Qxa6 Nxa6 19. Nf3 Rac8 20. Re2 Rfe8 21.
Rd1 cxd4 22. cxd4 Rc6 23. Be1 Rec8 24. Kf2 Nc7 25. Ne5 Bxe5 26. fxe5 Nb5 27. a4
Nc3 28. Bxc3 Rxc3 29. Rb1 g5 30. Ke1 Kg7 31. Rbb2 Kg6 32. Kf2 a6 33. Re1 h5 34.
g3 g4 35. Ree2 Kg5 36. Re1 h4 37. Ree2 h3 38. Re1 Kg6 39. Ree2 Kf7 40. Re1 Ke7
41. Ree2 Kd7 42. Re1 R8c6 43. Ree2 Kc7 44. Re1 Kb7 45. Ree2 Rc8 46. Re1 Rd3 47.
b4 Rc4 48. Reb1 Ra3 49. a5 b5 50. Rd1 Kc6 51. Rdb1 Kd7 52. Rd1 Rcc3 53. Re1 Kd8
54. Rbb1 Ra2+ 55. Re2 Rxe2+ 56. Kxe2 Rc2+ 0-1

[Event "4rd Memory of Nebesna Sotnya-2017 R"]
[Site "Lutsk"]
[Date "2017.02.18"]
[Round "2.7"]
[White "Razin, Vadim"]
[Black "Dzupin, Dmitry"]
[Result "1-0"]
[WhiteElo "2501"]
[BlackElo "2058"]
[PlyCount "149"]
[EventDate "2017.02.18"]
[EventType "swiss (rapid)"]
[EventRounds "11"]
[EventCountry "UKR"]

1. d4 Nf6 2. Nf3 g6 3. Bg5 Bg7 4. Nbd2 d5 5. e3 Ne4 6. Bh4 Bf5 7. Be2 c5 8. c3
O-O 9. O-O Nc6 10. Nxe4 dxe4 11. Nd2 cxd4 12. exd4 h5 13. Re1 Bh6 14. Bc4 Nxd4
15. Nxe4 Be6 16. Bxe6 Nxe6 17. Qxd8 Rfxd8 18. Bxe7 Rd3 19. Rad1 Rxd1 20. Rxd1
f5 21. Nc5 Re8 22. Nxe6 Rxe7 23. Nd4 Re5 24. Kf1 Kf7 25. Re1 Rd5 26. Ke2 Re5+
27. Kd1 Rd5 28. Kc2 a6 29. Kd3 b5 30. b4 Bg7 31. a4 a5 32. bxa5 b4 33. Kc4 Rxa5
34. Kxb4 Rd5 35. Kc4 Ra5 36. Kb4 Rd5 37. Rd1 Bf8+ 38. Kc4 Ra5 39. Kb3 Ra6 40.
Nb5 h4 41. h3 Bc5 42. f3 Re6 43. Rd2 Ra6 44. Ra2 Kf6 45. Kc4 Be3 46. a5 Kg5 47.
Kd5 Kf4 48. Nc7 Ra7 49. Kc6 Kg3 50. a6 Bf2 51. Nb5 Ra8 52. Kb7 Re8 53. a7 Re7+
54. Kc6 Bxa7 55. Nxa7 Re1 56. c4 Rg1 57. c5 Rxg2 58. Rxg2+ Kxg2 59. Kd5 g5 60.
c6 g4 61. fxg4 fxg4 62. hxg4 h3 63. c7 h2 64. c8=Q h1=Q 65. Nc6 Kg3+ 66. Kd6
Qh6+ 67. Kd5 Qg5+ 68. Ne5 Qd2+ 69. Ke6 Qh6+ 70. Ke7 Qg7+ 71. Ke6 Qh6+ 72. Kf7
Qh7+ 73. Kf6 Qh6+ 74. Ng6 Qh3 75. Kg5 1-0

[Event "4rd Memory of Nebesna Sotnya-2017 R"]
[Site "Lutsk"]
[Date "2017.02.18"]
[Round "2.8"]
[White "Shpanko, Nadiia"]
[Black "Firman, Nazar"]
[Result "1/2-1/2"]
[WhiteElo "2050"]
[BlackElo "2499"]
[PlyCount "75"]
[EventDate "2017.02.18"]
[EventType "swiss (rapid)"]
[EventRounds "11"]
[EventCountry "UKR"]

1. e4 d6 2. d4 Nf6 3. Nc3 g6 4. Be3 a6 5. h3 Bg7 6. Qd2 b5 7. f3 Nbd7 8. g4 Nb6
9. h4 h5 10. g5 Nfd7 11. f4 Bb7 12. Bd3 c5 13. d5 b4 14. Nd1 O-O 15. Nf3 e6 16.
dxe6 fxe6 17. O-O Qc7 18. c3 c4 19. Bc2 Nc5 20. cxb4 Nxe4 21. Bxe4 Bxe4 22. Nc3
Bd3 23. Rf2 e5 24. Ne1 Rae8 25. Nxd3 cxd3 26. Qxd3 e4 27. Nxe4 Qc4 28. Nf6+
Bxf6 29. Qxg6+ Bg7 30. Bxb6 Qxb4 31. Bc7 Qd4 32. Bxd6 Re2 33. Raf1 Rfe8 34. Be5
R8xe5 35. fxe5 Qg4+ 36. Kh2 Qxh4+ 37. Kg2 Qg4+ 38. Kh2 1/2-1/2

[Event "4rd Memory of Nebesna Sotnya-2017 R"]
[Site "Lutsk"]
[Date "2017.02.18"]
[Round "3.1"]
[White "Onischuk, Vladimir"]
[Black "Vusatiuk, Vladimir"]
[Result "1-0"]
[WhiteElo "2692"]
[BlackElo "2286"]
[PlyCount "35"]
[EventDate "2017.02.18"]
[EventType "swiss (rapid)"]
[EventRounds "11"]
[EventCountry "UKR"]

1. e4 e6 2. d4 d5 3. Bd3 c5 4. exd5 Qxd5 5. Nc3 Qd8 6. Bf4 Nf6 7. dxc5 Bxc5 8.
Qf3 O-O 9. O-O-O Qa5 10. Nge2 Bd7 11. Rhg1 Bc6 12. Qh3 Nbd7 13. g4 e5 14. g5
exf4 15. gxf6 Nxf6 16. Rxg7+ Kxg7 17. Rg1+ Kh8 18. Qh6 1-0

[Event "4rd Memory of Nebesna Sotnya-2017 R"]
[Site "Lutsk"]
[Date "2017.02.18"]
[Round "3.2"]
[White "Boricsev, Oleg"]
[Black "Bogdanovich, Stanislav"]
[Result "0-1"]
[WhiteElo "2276"]
[BlackElo "2689"]
[PlyCount "54"]
[EventDate "2017.02.18"]
[EventType "swiss (rapid)"]
[EventRounds "11"]
[EventCountry "UKR"]

1. e4 c5 2. c3 Nf6 3. e5 Nd5 4. d4 cxd4 5. Nf3 e6 6. cxd4 b6 7. Nc3 Nxc3 8.
bxc3 d5 9. Bb5+ Bd7 10. Bd3 Be7 11. h4 Nc6 12. h5 h6 13. Rh3 Rc8 14. Rg3 Bf8
15. a4 Na5 16. Ba3 Rxc3 17. Bxf8 Kxf8 18. Ng1 Qh4 19. Rh3 Qxd4 20. Ne2 Qxe5 21.
Re3 Rxd3 22. Rxd3 Qxh5 23. Rh3 Qe5 24. Rc1 Ke7 25. Re3 Qg5 26. Ng3 Nc4 27. Re2
Bxa4 0-1

[Event "4rd Memory of Nebesna Sotnya-2017 R"]
[Site "Lutsk"]
[Date "2017.02.18"]
[Round "3.3"]
[White "Bernadskiy, Vitaliy"]
[Black "Korol, Dimitry"]
[Result "1-0"]
[WhiteElo "2634"]
[BlackElo "2268"]
[PlyCount "53"]
[EventDate "2017.02.18"]
[EventType "swiss (rapid)"]
[EventRounds "11"]
[EventCountry "UKR"]

1. d4 Nf6 2. c4 c5 3. Nf3 cxd4 4. Nxd4 g6 5. Nc3 Bg7 6. e4 Nc6 7. Be3 O-O 8.
Be2 d6 9. O-O Bd7 10. Qd2 Nxd4 11. Bxd4 Bc6 12. f3 a5 13. b3 Nd7 14. Be3 Nc5
15. Rab1 Qb6 16. Kh1 Rfc8 17. Rfc1 Qb4 18. Nd5 Bxd5 19. cxd5 b5 20. Qd1 Rab8
21. Bd2 Qd4 22. Bxa5 Qxd1+ 23. Rxd1 b4 24. Rdc1 Ra8 25. Bxb4 Rxa2 26. Bc4 Rb8
27. Be1 1-0

[Event "4rd Memory of Nebesna Sotnya-2017 R"]
[Site "Lutsk"]
[Date "2017.02.18"]
[Round "3.4"]
[White "Terletsky, Oleg"]
[Black "Bortnyk, Mykola"]
[Result "0-1"]
[WhiteElo "2275"]
[BlackElo "2558"]
[PlyCount "58"]
[EventDate "2017.02.18"]
[EventType "swiss (rapid)"]
[EventRounds "11"]
[EventCountry "UKR"]

1. e4 Nf6 2. Nc3 d5 3. e5 Nfd7 4. d4 c5 5. f4 cxd4 6. Nb5 Nc6 7. Nf3 d3 8. e6
fxe6 9. Bxd3 g6 10. Ng5 Nc5 11. Be3 Nxd3+ 12. Qxd3 Bg7 13. Nd4 Qd6 14. Nb5 Qb4+
15. c3 Qa5 16. Nxh7 Rxh7 17. Qxg6+ Kf8 18. Qxh7 Qxb5 19. O-O-O d4 20. cxd4 Nb4
21. Kb1 Bd7 22. d5 Nxa2 23. Bd4 Nc3+ 24. Kc2 Qa4+ 25. b3 Qa2+ 26. Kd3 Bb5+ 27.
Kxc3 Rc8+ 28. Kb4 a5+ 29. Kxb5 Qxb3+ 0-1

[Event "4rd Memory of Nebesna Sotnya-2017 R"]
[Site "Lutsk"]
[Date "2017.02.18"]
[Round "3.5"]
[White "Zubarev, Alexander"]
[Black "Nedilko, Vasily"]
[Result "1-0"]
[WhiteElo "2538"]
[BlackElo "2253"]
[PlyCount "49"]
[EventDate "2017.02.18"]
[EventType "swiss (rapid)"]
[EventRounds "11"]
[EventCountry "UKR"]

1. e4 c5 2. Nf3 d6 3. Bb5+ Bd7 4. c4 Nf6 5. Nc3 g6 6. d4 cxd4 7. Nxd4 Bg7 8.
O-O O-O 9. f3 a6 10. Bxd7 Nbxd7 11. Be3 Rc8 12. Qb3 Ne5 13. Qxb7 Nxc4 14. Bf2
a5 15. Nc6 Rxc6 16. Qxc6 Nxb2 17. Qb5 Qb8 18. Qxb8 Rxb8 19. Rab1 Nd7 20. Rfc1
Ne5 21. Na4 Ned3 22. Rc2 Bf6 23. Nxb2 Nxb2 24. f4 a4 25. e5 1-0

[Event "4rd Memory of Nebesna Sotnya-2017 R"]
[Site "Lutsk"]
[Date "2017.02.18"]
[Round "3.6"]
[White "Cherepov, Alexej"]
[Black "Sergeev, Vladimir"]
[Result "0-1"]
[WhiteElo "2225"]
[BlackElo "2518"]
[PlyCount "66"]
[EventDate "2017.02.18"]
[EventType "swiss (rapid)"]
[EventRounds "11"]
[EventCountry "UKR"]

1. d4 Nf6 2. c4 d6 3. Nc3 g6 4. e4 Bg7 5. Be2 e5 6. Nf3 Nbd7 7. O-O O-O 8. Qc2
c6 9. Rd1 Qe7 10. b3 h6 11. d5 c5 12. a3 Nh7 13. g3 f5 14. Nh4 Qf6 15. exf5
gxf5 16. Nb5 e4 17. Rb1 Ne5 18. Bb2 Ng5 19. Bxe5 dxe5 20. Bf1 Bd7 21. Nc7 Rad8
22. d6 Bc6 23. b4 b6 24. Nd5 Bxd5 25. Rxd5 Rxd6 26. bxc5 bxc5 27. Rxc5 f4 28.
Rc7 e3 29. fxe3 Ne6 30. Rxa7 fxe3 31. Qg2 Rd2 32. Be2 Nd4 33. Re1 Qf2+ 0-1

[Event "4rd Memory of Nebesna Sotnya-2017 R"]
[Site "Lutsk"]
[Date "2017.02.18"]
[Round "3.7"]
[White "Gritsak, Orest"]
[Black "Maciaga, Marcin"]
[Result "1-0"]
[WhiteElo "2511"]
[BlackElo "2195"]
[PlyCount "59"]
[EventDate "2017.02.18"]
[EventType "swiss (rapid)"]
[EventRounds "11"]
[EventCountry "UKR"]

1. c4 c5 2. Nf3 Nf6 3. Nc3 g6 4. d4 cxd4 5. Nxd4 Bg7 6. e4 O-O 7. Be2 Nc6 8.
Be3 d6 9. O-O Bd7 10. Nb3 a5 11. Nd2 Ne5 12. f3 a4 13. b4 axb3 14. axb3 Rxa1
15. Qxa1 Bc6 16. b4 b6 17. Qa7 Ned7 18. Nd5 Nxd5 19. cxd5 Qa8 20. Qxa8 Bxa8 21.
Rc1 f5 22. Rc7 Nf6 23. Rxe7 Rc8 24. Nc4 Bf8 25. Ra7 fxe4 26. Nxb6 Rc2 27. Rxa8
Rxe2 28. Bh6 Kf7 29. Rxf8+ Ke7 30. Nc8+ 1-0

[Event "4rd Memory of Nebesna Sotnya-2017 R"]
[Site "Lutsk"]
[Date "2017.02.18"]
[Round "3.8"]
[White "Gavrish, Leonid"]
[Black "Razin, Vadim"]
[Result "0-1"]
[WhiteElo "2196"]
[BlackElo "2501"]
[PlyCount "84"]
[EventDate "2017.02.18"]
[EventType "swiss (rapid)"]
[EventRounds "11"]
[EventCountry "UKR"]

1. d4 d5 2. c4 dxc4 3. Nf3 Nf6 4. e3 c5 5. Bxc4 e6 6. O-O Nc6 7. Nc3 Be7 8. Qe2
O-O 9. Rd1 Qc7 10. e4 a6 11. e5 Nd7 12. Bf4 cxd4 13. Nxd4 Ncxe5 14. Bxe6 fxe6
15. Nxe6 Qc4 16. Qxc4 Nxc4 17. Nxf8 Nxf8 18. Nd5 Bd8 19. b3 Na5 20. Nc7 Bxc7
21. Bxc7 Nc6 22. f3 Be6 23. g4 Kf7 24. Kf2 Nd7 25. Rd2 Rc8 26. Bg3 Nb4 27. Rad1
Nb6 28. h3 N4d5 29. Be5 g6 30. Kg3 Rc6 31. f4 Nc3 32. Re1 Bd5 33. Kh4 h6 34.
Rc1 g5+ 35. fxg5 hxg5+ 36. Kh5 Ne4 37. Rxc6 bxc6 38. Rd1 Nd7 39. Bd4 Ndf6+ 40.
Bxf6 Kxf6 41. Rf1+ Kg7 42. Rc1 Bf7# 0-1

[Event "4rd Memory of Nebesna Sotnya-2017 R"]
[Site "Lutsk"]
[Date "2017.02.18"]
[Round "4.1"]
[White "Mikhaletz, Lubomir"]
[Black "Onischuk, Vladimir"]
[Result "0-1"]
[WhiteElo "2414"]
[BlackElo "2692"]
[PlyCount "62"]
[EventDate "2017.02.18"]
[EventType "swiss (rapid)"]
[EventRounds "11"]
[EventCountry "UKR"]

1. d4 d6 2. c3 g6 3. Nf3 Bg7 4. Bg5 Nf6 5. Nbd2 O-O 6. e3 Nbd7 7. Be2 h6 8. Bh4
e5 9. dxe5 dxe5 10. Ne4 Qe7 11. Bxf6 Nxf6 12. Nxf6+ Qxf6 13. Qc2 Bf5 14. e4 Be6
15. O-O Rfd8 16. Rfd1 a5 17. Rxd8+ Qxd8 18. Qa4 c6 19. Qc2 a4 20. Nd2 b5 21.
Nf1 Qb6 22. Ne3 h5 23. c4 Bh6 24. c5 Qa5 25. Rd1 Bxa2 26. Qc1 Rd8 27. Rd6 Qc7
28. Rxd8+ Qxd8 29. Qc3 Be6 30. Nc2 Qd2 31. Qxd2 Bxd2 0-1